Najpopularniejsze ptaki w Polsce - Statystyki

Ogólne statystyki
  • Ten quiz został rozwiązany 505 razy
    18 od ostatniego zresetowania
  • Średni wynik to 16 z 29
Statystyki odpowiedzi
Obrazkowy Odpowiedź % Poprawnych
Kaczka krzyżówka
92%
Czapla siwa
85%
Mewa Śmieszka
85%
Bocian biały
77%
Dzięcioł średni
77%
Gil zwyczajny
77%
Żuraw zwyczajny
77%
Kos zwyczajny
69%
Kruk zwyczajny
69%
Wrona siwa
69%
Bielik zwyczajny
62%
Wróbel zwyczajny
62%
Gawron
54%
Myszołów zwyczajny
54%
Szpak Zwyczajny
54%
Kawka zwyczajna
46%
Sikora Bogatka
46%
Sójka zwyczajna
46%
Sroka zwyczajna
46%
Jaskółka oknówka
38%
Jastrząb zwyczajny
38%
Puszczyk zwyczajny
38%
Rudzik zwyczajny
38%
Pliszka siwa
31%
Skowronek zwyczajny
31%
Słowik rdzawy
31%
Zięba zwyczajna
31%
Drozd śpiewak
23%
Pustułka zwyczajna
23%
Nie znaleziono quizów pasujących do podanych kryteriów
Rozkład punktacji
Procent ludzi z każdym wynikiem
Percentyl według liczby udzielonych odpowiedzi
Twoja historia wyników
Nie rozwiązałeś tego quizu od ostatniego zresetowania